000 00619nam a2200169Ia 4500
008 090201s9999 xx 000 0 und d
010 _aKPL-36066
040 _bमराठी
041 _aमराठी
082 _a24630
_b36066
100 _aमंदाकिनी अष्टीकर
245 _aकरुणेतून तेज झरावे
_cमंदाकिनी अष्टीकर
260 _c2004
_bबंादोडकर पब्लिशिंग हाऊस
300 _a219
_bमोठा
600 _aकरुणेतून तेज झरावे
942 _cBOOK
999 _c223942
_d223942